000 01123nam a22003377a 4500
003 CHAP
005 20220329134859.0
008 971013s1982 r 00010 d
010 _a27411
011 _a28383
035 _a32487
040 _cCHAP
090 _aFolleto 8570 (1982)
110 _aINIA. México
_958464
245 _aSistema de evaluación que fundamenta al tabulador para el personal científico del Instituto Nacional de Investigaciones Agrícolas
250 _a2 ed.
260 _aMéxico, D.F. :
_bEl Instituto,
_c1982
300 _a34 p
490 _aFolleto informativo
_v; 23
590 _aBATCH-UPD
_b10
_c20130110
_lUCH01
_h1845
590 _aBATCH-UPD
_b10
_c20130410
_lUCH01
_h1216
590 _aBATCH-UPD
_b10
_c20130914
_lUCH01
_h0938
590 _aCONVERSION
_b10
_c20130109
_lUCH01
_h1316
650 1 4 _aCientíficos.
_923246
650 1 4 _aSalarios.
_9101264
830 0 _aFolleto informativo
_v; 23
_942046
901 _aBK
942 _cFOLL
949 _aFolleto 8570 (1982)
_bBC
_cFOLL
_d-75581
_eTS1
_i32487
_mD
_si
949 _aFolleto 8570 (1982)
_bBC
_cFOLL
_d-75583
_eTS2
_fc.2
_i32487
_mD
_si
999 _c27411
_d27411